Une lettre suffit pour répondre juste #57 (attention 10 lettres tuent) - Statistiques

Statistiques générales
  • Ce quiz a été pris 57 fois
  • Le résultat moyen est 3 sur 6
Statistiques - réponses
Hint Réponse % Correct
Donne une des 5 lettres qui complète les paroles de la chanson Voyage, voyage de Desireless : Au-dessus des vieux volcans Glissent des ailes sous le ????? du vent Voyage, voyage Éternellement TAPIS
98%
Donne une des 3 lettres du mot qui désigne entre autres : - l'arrière d'un chariot - la base d'une bouteille - la partie arrondie d'une louche CUL
77%
Donne une des 4 lettres du nom du département qui compte parmi ses 20 communes les plus peuplées (en 2022) : - Mortagne-au-Perche - Val-au-Perche - Tourouvre au Perche ORNE
77%
Donne une des 2 lettres qui est en dernière position de 7 des 15 communes les plus peuplées du département de l'Ain (en 2022)(3 finissent par ? Et 4 finissent par ?) XY (oyonnaX, Ambérieu-en-BugeY, Saint-Genis-PouillY, GeX, BelleY, MeximieuX,TrévouX
19%
Donne la lettre qui complète le nom du titre de presse dominicale français fondé en 1948 et "classé (par google) depuis 2023 à l"'extrême-droite"" : le ?DD J
13%
Donne la lettre qui en duo avec V (dans un sens puis dans l'autre) : - indique communément la qualité du vin - présente les faits, les phénomènes propres à sa vie Q (QV cuvée et VQ vécu)
6%
Aucun quiz correspondant
Distribution des résultats
% des personnes avec chaque résultat
Percentile par nombre de réponses
Votre historique - résultats
Vous n’avez pas pris ce quiz